000 00262nam a2200109 a 4500
005 20140513081050.0
008 020605s19uu xx 00 eng d
050 _aP 611
_bHUM
245 _aHuman digestive system.
650 _aBody parts--Poster
999 _c116307
_d116307